LEADER 00991nam0 22002651i 450 001 UON00098396 005 20231205102542.511 100 $a20020107d1905 |0itac50 ba 101 $ager 102 $aDE 105 $a|||| 1|||| 200 1 $aAltindische Grammatik$fJakob Wackernagel 210 $aGottingen$cVandenhoeck & Ruprecht$d1905 215 $axii, 329 p.$d24 cm Poss. 606 $aLINGUE INDIANE ANTICHE$3UONC029357$2FI 620 $aDE$dGöttingen$3UONL000324 676 $a491.1$cLingue indoarie dell'India$v21 700 1$aWackernagel$bJacob$3UONV055988$0187387 712 $aVandenhoeck & Ruprecht$3UONV248345$4650 801 $aIT$bSOL$c20240220$gRICA 899 $aSIBA - SISTEMA BIBLIOTECARIO DI ATENEO$2UONSI 912 $aUON00098396 950 $aSIBA - SISTEMA BIBLIOTECARIO DI ATENEO$dSI GLOTT B 3 III 007 $eSI MR 39305/1 7 007 996 $aAltindische Grammatik$91302862 997 $aUNIOR